| 000 | 01110nam0a2200301 4500 | ||
|---|---|---|---|
| 001 | RU\NLR\bibl\1375742 | ||
| 005 | 20260607073227.0 | ||
| 010 |
_a978-5-17-042770-3 _910000 |
||
| 021 |
_aRU _b2009-27974 _91675 |
||
| 035 | _a(nilc)RSL-KNO-004290635 | ||
| 035 | _a(NLR Aleph) 001367853 | ||
| 090 |
_a1022517 _c1022517 |
||
| 100 | _a20090410d2009 |||y0rusy50 ca | ||
| 101 | 0 | _arus | |
| 102 | _aRU | ||
| 105 | _ay ||||||||| | ||
| 200 | 1 |
_aНе время для драконов _e[фантастический роман] _fСергей Лукьяненко, Ник Перумов |
|
| 210 |
_aМосква _cАСТ _d2009 |
||
| 215 |
_a413 с. _d21 |
||
| 686 |
_aШ5(2=Р)75-644.5 _2rubbk |
||
| 700 | 1 |
_4070 _7ca _8rus _aЛукьяненко _bС. В. _f1968- _gСергей Васильевич _9110872 _3RU\NLR\auth\77833 |
|
| 701 | 1 |
_4070 _7ca _8rus _aПерумов _bН. Д. _f1963 - _gНиколай Данилович _9114457 _3RU\NLR\auth\774477 |
|
| 801 | 0 |
_aRU _bРГБ _c20090410 _grcr |
|
| 801 | 1 |
_aRU _bРГБ _c20090410 |
|
| 801 | 2 |
_aRU _bNLR _c20090602 _grcr |
|
| 942 | _cBOOK | ||
| 980 | _aNB | ||